000 00865nam a2200253 4500
003 OSt
005 20240610003606.0
006 a
008 240610b |||||||| |||| 00| 0 eng d
020 _a9781285077062
040 _aDWCL-Main lib.
_cOC
082 _2sixth edition
_aCirc. 808.066 S999w 2014
100 _aSzuchman, Leonore T.
245 _aWriting with style : APA style made easy /
250 _asixth edition
260 _a Australia :
_bWadsworth, Cengage Learning,
_cc2014.
300 _axxi,
_b195 p. ;
_c22 cm.
504 _aIncludes appendices, references.
650 _a1. Psyhcology–Authorship–Style manuals.
650 _a2. Psychological literature–Publishing–Handbooks, manuals, etc.
650 _a3. Report writing–Handbooks, manuals, etc.
700 _aLeonore T. Szuchman
942 _2ddc
_n0
_cBK-CIRC
_esixth edition
_kCirc.
999 _c411
_d411